LEADER 02349oam 2200649I 450 001 9910525230703321 005 20200520144314.0 010 $a1-136-80031-X 010 $a0-429-23915-7 010 $a0-203-82729-5 010 $a1-283-88290-6 010 $a1-136-80032-8 024 7 $a10.4324/9780203827291 035 $a(CKB)2550000000710059 035 $a(EBL)668708 035 $a(OCoLC)764571650 035 $a(SSID)ssj0000810478 035 $a(PQKBManifestationID)11431996 035 $a(PQKBTitleCode)TC0000810478 035 $a(PQKBWorkID)10846311 035 $a(PQKB)10429764 035 $a(MiAaPQ)EBC668708 035 $a(Au-PeEL)EBL668708 035 $a(CaPaEBR)ebr10636193 035 $a(CaONFJC)MIL419540 035 $a(OCoLC)900420241 035 $a(EXLCZ)992550000000710059 100 $a20180706d2005 uy 0 101 0 $aeng 135 $aur|n|---||||| 181 $ctxt 182 $cc 183 $acr 200 10$aBallroom dancing /$fAlex Moore ; foreword by Philip J.S. Richardson 205 $a10th ed. 210 1$aNew York :$cRoutledge,$d2005. 215 $a1 online resource (321 p.) 225 1 $aTheatre arts book 300 $a"With 100 diagrams of the quickstep, waltz, foxtrot, tango, etc." 311 $a0-87830-153-4 327 $asection 1. The quickstep -- section 2. The waltz -- section 3. The foxtrot -- section 4. The tango -- section 5. Rhythm dancing (social foxtrot and quickstep) -- section 6. The Viennese waltz -- section 7. For the keen dancer -- section 8. Ballroom party dances. 330 $aNow in its tenth edition, this classic and comprehensive handbook has been revised to bring it up to date in keeping with changes on the dance floor and in the rules of dance competitions. The Quickstep, Waltz, Foxtrot, and Tango are all illustrated and described in great detail. 410 0$aTheatre Arts book. 606 $aBallroom dancing 608 $aElectronic books. 615 0$aBallroom dancing. 676 $a793.33 676 $a910.452 700 $aMoore$b Alex.$01127411 701 $aRichardson$b P. J. S$g(Philip John Sampey),$fb. 1875.$0141709 801 0$bMiAaPQ 801 1$bMiAaPQ 801 2$bMiAaPQ 906 $aBOOK 912 $a9910525230703321 996 $aBallroom dancing$92659272 997 $aUNINA LEADER 01816nam 2200457Ia 450 001 996386605003316 005 20200824132102.0 035 $a(CKB)4940000000081069 035 $a(EEBO)2240860913 035 $a(OCoLC)ocm13645487e 035 $a(OCoLC)13645487 035 $a(EXLCZ)994940000000081069 100 $a19860527d1687 uy | 101 0 $aeng 135 $aurbn||||a|bb| 200 13$aAn introduction to the skill of musick$b[electronic resource] $ein three books : the first contains the grounds and rules of musick ... the second, instructions and lessons both for the bass-viol and treble-violin : the third, the art of descant, or composing of musick in parts, in a more plaine and easie method than any heretofore published /$fby John Playford 205 $aThe eleventh edition, corrected and enlarged. 210 $aLondon $cPrinted by Charles Peregrine for Henry Playford ...$d1687 215 $a[19], 116, [2], 51 p. $cill., music 300 $a"The art of descant" has special t.p. and separate paging. 300 $aEngraved frontispiece portrait of Playford. 300 $aImperfect: pages faded with loss of print. 300 $aReproduction of original in the Cambridge University Library. 330 $aeebo-0021 606 $aMusic$vHandbooks, manuals, etc$vEarly works to 1800 606 $aViolin$xInstruction and study$vEarly works to 1800 606 $aCounterpoint 615 0$aMusic 615 0$aViolin$xInstruction and study 615 0$aCounterpoint. 700 $aPlayford$b John$f1623-1686?$0793147 801 0$bEAF 801 1$bEAF 801 2$bUMI 801 2$bm/c 801 2$bUMI 801 2$bWaOLN 906 $aBOOK 912 $a996386605003316 996 $aAn introduction to the skill of musick$92364238 997 $aUNISA